[Event "EU-Cup 12th final"]
[Site "Budapest"]
[Date "1996.11.23"]
[Round "3"]
[White "Gurevich, Mikhail"]
[Black "Huzman, Alexander"]
[Result "1-0"]
[WhiteElo "2605"]
[BlackElo "2575"]
[Annotator "Gurevich,M"]
[PlyCount "139"]
[EventDate "1996.11.21"]
[EventType "team-k.o."]
[EventRounds "4"]
[EventCountry "HUN"]
[SourceTitle "EXT 2020"]
[Source "ChessBase"]
[SourceDate "2019.10.17"]
[SourceVersion "1"]
[SourceVersionDate "2019.10.17"]
[SourceQuality "1"]
[WhiteTeam "Eupen-Kelmis Rochade"]
[BlackTeam "Beer-Sheva Chess Club"]
[WhiteTeamCountry "BEL"]
[BlackTeamCountry "ISR"]

1. c4 e5 2. g3 Nf6 3. Bg2 c6 4. d4 Bb4+ $5 5. Bd2 Bxd2+ 6. Qxd2 d6 7. Nc3 O-O
8. Nf3 (8. e4 $5 a6 9. Nf3 Bg4 10. O-O Bxf3 11. Bxf3 Nbd7 12. Rfd1 b5 13. cxb5
axb5 14. a3 Qb6 15. b4 $14 {1-0 Khalifman,A-Rublevsky,S/Elista RUS-ch (10)
1996 (46)}) 8... e4 $5 {TN} (8... Bf5 9. dxe5 dxe5 10. Qxd8 Rxd8 11. Nxe5 Na6
12. O-O Rd2 13. b3 Nc5 14. Nf3 Rb2 15. Nd4 Bg6 16. f3 Ne6 17. Nxe6 fxe6 18.
Rfd1 Rc2 19. Rac1 Rxc1 20. Rxc1 $16 {1-0 Guzman,A-Pes,A/Ibercaja B (4) 1996 
(89)}) 9. Nh4 (9. Ng5 d5 10. cxd5 cxd5 11. f3 h6 12. Nh3 exf3 13. exf3 Re8+
$132) 9... Re8 10. O-O d5 11. c5 (11. cxd5 cxd5 12. f3 e3 $5 13. Qd3 Nc6 $13)
11... b6 12. b4 Na6 $5 {/\13...Nc7} (12... a5 13. a3 axb4 14. axb4 $36) 13.
Rab1 h6 14. f4 Rb8 $13 15. Rfc1 Bd7 16. Bf1 {/\Nh4-g2-e3} Nc7 17. Ng2 h5 $1 18.
Nd1 (18. Ne3 h4 $36) 18... g6 19. a4 bxc5 20. bxc5 Ne6 21. Nge3 Ng7 22. Rb4 $6
(22. Rxb8 Qxb8 23. Nc3 h4 24. Rb1 Qd8 $132) 22... h4 23. Rcb1 Rxb4 24. Rxb4 (
24. Qxb4 hxg3 25. hxg3 Nfh5 26. Kf2 g5 $40) 24... hxg3 25. hxg3 Nfh5 26. Qe1 g5
(26... Qf6 $5 {/\27...a5} 27. a5 g5 28. fxg5 Qxg5 29. Kh2 Re6 $1 30. Bh3 Rh6
31. Bxd7 Nf4+ 32. Kg1 Qh5 $19) 27. Qf2 gxf4 28. gxf4 Qf6 29. Ng2 Nf5 (29... a5
30. Rb7 Bc8 31. Rc7 $13) 30. e3 Qh6 31. Ne1 Kh8 $138 (31... Nhg3 32. Bg2 Qh5
33. Nc3 Kg7 34. Rb7 Rh8 35. Qd2 Qh2+ 36. Kf2 Nh6 $19) 32. Qh2 $5 {/\33.Kf2}
Rg8+ 33. Kf2 $13 Nfg3 34. Ba6 Bg4 35. Nc3 Qg6 36. Nc2 {/\Kf2-e1-d2-c1} Nf5 37.
Rb1 {/\38.Rg1 <=>} (37. Ke1 Bf3 38. Kd2 Qg1 $1 39. Qxg1 Rxg1 $36 {/\Nh5-g3-f1+}
) 37... Kg7 38. Ke1 Rh8 39. Kd2 Nf6 40. Qf2 Bf3 41. Rg1 Ng4 42. Qe1 Rh2+ 43.
Kc1 Qe6 44. Na2 $5 {/\45.Nb4,46.Bb7<=>} Kh7 45. Kb1 (45. Nab4 Qd7) 45... Qf6 $1
{/\46...Ngxe3} 46. Qc3 $8 (46. Nab4 Ngxe3 47. Nxe3 Qxd4 48. Nec2 (48. Nbc2 Qxc5
$19) 48... Qxc5 $40) 46... Qh4 47. Qe1 (47. Nab4 Nfxe3 $1 (47... Qf2 48. Rf1
$13) 48. Nxe3 Qf2 49. Rxg4 Bxg4 $36) 47... Qf6 (47... Qxe1+ 48. Rxe1 Nh4 49.
Nab4 Ng2 50. Rg1 (50. Rc1 $5) 50... N4xe3 51. Nxe3 Nxe3 52. Nxc6 $132) 48. Qc3
Rxc2 $5 49. Qxc2 Ngxe3 (49... Nfxe3 50. Qb2 Nf5 51. Bc8 $13) 50. Qh2+ Nh6 51.
Nb4 $5 Nef5 (51... Qxd4 52. Qb2 Nef5 53. Qxd4 Nxd4 54. Bb7 Ne2 55. Rf1 Nc3+ 56.
Kc2 Nxa4 57. Bxc6 $10) 52. Qb2 e3 $2 (52... Nxd4 $2 53. Nc2 Nhf5 54. Bc8 $18) (
52... Qxd4 $142 $13) 53. Bd3 $1 $16 Qe6 (53... e2 54. Re1 Qh4 55. Qd2 $18) 54.
Nc2 Be4 55. Qb3 e2 56. Re1 Ng3 57. Bxe4+ Nxe4 58. Qd3 Qg4 59. Kb2 Qxf4 60. Rxe2
a5 61. Qe3 (61. Re1 $5) 61... Qb8+ 62. Qb3 Qc8 (62... Qxb3+ 63. Kxb3 f5 (63...
Ng4 64. Ne3) 64. Ne1 f4 65. Rg2 Nf5 66. Nf3 $16) 63. Rh2 Kg6 64. Qb6 Ng4 65.
Rg2 Kh5 66. Qxa5 $18 f5 67. Qb6 (67. Qa7 $18) 67... f4 68. Qb3 Ng5 69. Rg1 Qa6
$6 (69... f3 70. Qd3 Qb8+ 71. Ka3 Qh2 72. Rf1 $18) 70. Qb8 1-0

[Event "FRA-chT Gp-A"]
[Site "France"]
[Date "2004.01.31"]
[Round "2"]
[White "Gurevich, Mikhail"]
[Black "Rublevsky, Sergei"]
[Result "1-0"]
[WhiteElo "2656"]
[BlackElo "2655"]
[Annotator "Gurevich,M"]
[PlyCount "61"]
[EventDate "2004.01.30"]
[EventType "team"]
[EventRounds "7"]
[EventCountry "FRA"]
[SourceTitle "CBM 098 Extra"]
[Source "ChessBase"]
[SourceDate "2004.03.10"]
[SourceVersion "2"]
[SourceVersionDate "2004.03.10"]
[SourceQuality "1"]
[WhiteTeam "Gonfreville"]
[BlackTeam "Nice"]
[WhiteTeamCountry "FRA"]
[BlackTeamCountry "FRA"]

1. c4 e5 2. g3 Nf6 3. Bg2 d5 4. cxd5 Nxd5 5. Nf3 Nc6 6. O-O Nb6 7. b3 Bd6 8.
Bb2 O-O 9. d3 Bg4 10. Nbd2 Qe7 $5 (10... Qd7 11. Rc1 (11. a3 Bh3 12. b4 Bxg2
13. Kxg2 a6 14. Qb3 Rae8 15. e4 Kh8 16. Nc4 Nxc4 17. dxc4 f5 18. Rae1 Qe6 19.
Qd3 Rd8 20. exf5 Rxf5 21. Qe4 $14 {1-0 Sorokin,M-Rublevsky,S/Krasnoyarsk 2003/
CBM 98 no vc (64)}) 11... Rae8 12. Ne4 Bh3 13. Nc5 Bxc5 14. Rxc5 Bxg2 15. Kxg2
f6 16. b4 Rf7 17. a3 Nd4 18. Bxd4 exd4 19. Qc2 Rfe7 20. Re1 Kh8 21. b5 Qd6 22.
a4 Nxa4 23. Rc4 {1-0 Kortschnoj,V-Rublevsky,S/St Petersburg 2001/CBM 82 (35)}
Nc3 $5 24. Rxd4 (24. Nxd4 Qd5+ $15) 24... Qa3 $132) 11. a3 a5 $5 {TN} (11... f5
12. Qc2 a5 13. Rfe1 Kh8 14. e3 Rae8 15. h3 Bh5 16. Nc4 Nxc4 17. Qxc4 e4 18. Nd2
Ne5 19. Bxe5 Bxe5 20. d4 Bd6 $17 {0-1 Dizdarevic,E-Zelcic,R/Solin/Split 2000/
CBM 81 (40)}) 12. h3 Bh5 {[/\f7-f5-f4<=>>>]} 13. e4 $6 (13. g4 Bg6 14. Qc2 f5
$132) 13... Bc5 $5 {[/\14...Rfd8<=>[+]]} 14. Qc2 Rfd8 15. Rfc1 Nd7 16. Nh4 $5
Ba7 (16... Nd4 $6 17. Bxd4 exd4 (17... Bxd4 18. Nf5 $16) 18. Nf5 Qf8 19. b4 $1
$132) 17. Nf5 Qe8 (17... Qe6 $5 18. g4 (18. Bf3 $6 Bxf3 19. Nxf3 Nc5 $17) 18...
Bg6 19. b4 (19. Ne3 Nd4 $17) 19... axb4 20. axb4 Nxb4 21. Qxc7 $13 Nxd3 $2 22.
Rxa7 $14) 18. Qb1 $5 {[/\19.Rc3,20.Qf1;xd3;} (18. g4 Bg6 19. b4 $5 axb4 20.
axb4 Nxb4 21. Qc4 c5 22. Nd6 Qe7 23. Nxb7 Rdb8 $15) 18... Nc5 19. Rc3 (19. d4
$5 exd4 (19... Nxd4 20. Bxd4 $1 (20. Nxd4) 20... exd4 21. b4 axb4 22. axb4 Ne6
23. e5 c6 24. b5 $36) 20. b4 Ne6 21. b5 Ne5 22. f4 Qxb5 $1 $36) 19... Be2 $1
20. Bf1 (20. Qe1 Bxd3 21. Rac1 Qf8 $17) 20... Rxd3 (20... Nxd3 21. Bxe2 Nxf2
22. Nf3 $1 Nxe4+ 23. Kg2 Nxc3 24. Bxc3 $132 Nd4 $6 25. Bxd4 exd4 26. Bd3 g6 27.
Qc1 $40) (20... Bxf1 21. Qxf1 Qd7 22. Rd1 $13) 21. Rxd3 Bxd3 22. Bxd3 Qd7 (
22... Rd8 $5 23. Bb5 Rxd2 24. Bc3 $44 Rxf2 25. Kxf2 Nxe4+ 26. Kf1 $1 Nxc3 27.
Bxc6 bxc6 28. Qd3 Nd5 29. Re1 f6 $44) 23. Bc4 $1 {[xf7;} (23. Bb5 Qxd2 24. Ra2
Nxe4 25. Bxe5 Nc3 $17) 23... Qxd2 24. Ra2 $1 $13 {[/\25.Bxe5,25.Bd4]} Nxb3 $2 (
24... Rd8 25. Bd4 Qg5 (25... Rxd4 $6 26. Rxd2 Rxd2 27. Qe1 $14) 26. Be3 Qh5 27.
Be2 Qxh3 28. b4 Na4 $5 29. Qc2 Bxe3 30. Nxe3 Nb6 31. bxa5 Na8 32. Bg4 $44) (
24... Nxb3 {[#]}) (24... Qd7 25. Bc3 $44 {(/\26.Rd2,26.b4)}) (24... Nxe4 $6 25.
Bxe5 Nc3 (25... Bxf2+ 26. Kg2 Qe1 27. Qxe1 Bxe1 28. Bxc7 $44) (25... Nc3 {[#]})
26. Qf1 $3 {(/\27.Bxf7,28.Qc4->)} Bxf2+ (26... Nxa2 27. Bxf7+ Kxf7 28. Qc4+ $18
) (26... Qd7 $142 27. Nh6+ gxh6 28. Bxc3 $36 Rd8 29. Rd2 $140 Qxd2 30. Bxd2
Rxd2 31. Kh1 $14) (26... Qg5 27. Bxf7+ Kxf7 28. Qc4+ $18) 27. Kh1 $1 Nxa2 28.
Bxf7+ Kxf7 29. Qc4+ $40) 25. Ba1 $3 $18 (25. Bxe5 Qc1+ 26. Qxc1 Nxc1 $19) (25.
Bxb3 Qxf2+ 26. Kh1 Qf3+ 27. Kh2 Qxb3 $19) 25... Bxf2+ (25... Qc1+ 26. Qxc1 Nxc1
27. Rc2 Rd8 28. Rxc1 Rd2 29. Ne3 $18) 26. Kg2 (26. Kh1 $5) 26... Qd7 (26... Qe1
27. Qxe1 Bxe1 28. Bxb3 Rd8 29. Kf1 $18) 27. Rxf2 (27. Qxb3 $18) 27... Nxa1 28.
Qxa1 Rf8 29. Qb2 Kh8 (29... Nd8 30. Qxe5) 30. Bd5 (30. Qxb7 $2 Rb8 31. Qa6 Rb6
32. Qa8+ Rb8 $11) 30... Nd4 31. Qxb7 1-0

[Event "EU-ch 4th"]
[Site "Istanbul"]
[Date "2003.05.31"]
[Round "2"]
[White "Gurevich, Mikhail"]
[Black "Godena, Michele"]
[Result "1/2-1/2"]
[WhiteElo "2635"]
[BlackElo "2527"]
[Annotator "Gurevich,M"]
[PlyCount "84"]
[EventDate "2003.05.30"]
[EventType "swiss"]
[EventRounds "13"]
[EventCountry "TUR"]
[SourceTitle "CBM 096"]
[Source "ChessBase"]
[SourceDate "2003.09.25"]
[SourceVersion "1"]
[SourceVersionDate "2003.09.25"]
[SourceQuality "1"]

1. c4 e5 2. g3 c6 3. d4 Bb4+ 4. Bd2 Bxd2+ 5. Qxd2 d6 6. Nc3 Nf6 7. Bg2 O-O 8.
e4 (8. Rd1 Nbd7 9. dxe5 dxe5 10. Nf3 Qe7 11. O-O Re8 12. Qd6 Qxd6 13. Rxd6 Nc5
14. Rfd1 Bg4 15. Ne1 a5 16. Nd3 Nfd7 17. b3 Kf8 18. Nb2 Nb6 19. h3 Be6 20. Nd3
Nbd7 21. Nb2 Nb6 22. Nd3 {1/2-1/2 Korchnoi,V-Lautier,J/Enghien les Bains FRA
2003/The Week in Chess 450 (22)}) 8... Be6 (8... Nbd7 9. Nf3 a5 10. O-O a4 11.
Rab1 Qa5 12. Rfd1 Re8 13. b3 axb3 14. axb3 exd4 15. Nxd4 Ne5 16. f3 h5 $132 {
0-1 Koshy,V-Girinath,P/Raipur 2002/CBM 87 ext (40)}) 9. b3 b5 {TN} (9... Qa5
10. Nge2 c5 11. Nb5 Qxd2+ 12. Kxd2 Ne8 13. d5 Bd7 14. Nbc3 Nc7 15. f4 $36 {
1/2-1/2 Forintos,G-Laketic,G/Catania 1991/EXT 2002 (44)}) 10. cxb5 (10. d5 cxd5
11. exd5 Bd7 12. Nxb5 Bxb5 13. cxb5 a6 14. bxa6 Nxa6 15. Ne2 Nc5 16. O-O Qb6
$132) 10... cxb5 11. dxe5 dxe5 12. Qxd8 Rxd8 13. Nxb5 Nc6 14. Nf3 (14. Nc7 $5
Nd4 15. Nxa8 Nc2+ 16. Ke2 Nxa1 17. Nc7 (17. Nf3 Nxb3 18. axb3 Rxa8 19. Nxe5
Bxb3 $11) 17... Bg4+ (17... Rc8 18. Nxe6 Rc2+ 19. Kd3 fxe6 20. Nf3 Rxa2 21. Bh3
$1 $14) 18. Nf3 (18. f3 Rc8 $44) 18... Nc2 19. Rc1 $14) 14... Rac8 15. O-O a6
16. Na3 (16. Nc3 Nd4 17. Nxd4 exd4 18. Ne2 d3 19. Nf4 d2 $44) 16... Nxe4 17.
Nxe5 Nxe5 18. Bxe4 Rd2 19. Rfd1 (19. f4 $1 Ng4 (19... f5 20. Bb7 Rc7 21. Bxa6
Ra7 22. fxe5 Rxa6 23. Nb5 $16) 20. f5 Bd5 21. Bxd5 Rxd5 22. Nc4 $16) 19... Rcd8
20. Rxd2 Rxd2 21. f4 $1 f5 (21... Ng4 22. f5 Bd5 (22... Bd7 23. Nc4 $18) 23.
Nc4 Bxc4 24. bxc4 $16) 22. Bg2 (22. Bb7 Ng4 23. h3 Nf2 $132) 22... Ng4 23. Re1
$6 (23. Nc4 Bxc4 24. bxc4 Rc2 (24... Ne3 25. Bb7 Nxc4 26. Bxa6 Na3 $14) 25. Re1
$14) 23... Rxa2 24. Rxe6 Rxa3 25. Bd5 Kf8 26. h3 Ra1+ 27. Kg2 Ra2+ $11 28. Kf1
Nf6 29. Bc4 Ne4 30. Ke1 $6 (30. g4 Nd2+ 31. Ke1 Nxc4 $11) 30... Ra1+ 31. Ke2
Nxg3+ 32. Ke3 $5 Re1+ 33. Kd4 Rxe6 34. Bxe6 a5 35. Kc5 Ke7 36. Bg8 h6 37. Kb6
Kd6 $138 (37... Ne2 $5 38. Kxa5 Nxf4 39. b4 Nxh3 40. b5 Kd6 41. b6 Ng5 42. Bd5
$13) 38. Kxa5 Kc7 39. Kb5 Ne2 40. Bh7 Nxf4 41. Bxf5 g6 42. Be4 Nxh3 1/2-1/2

[Event "Albert m"]
[Site "Albert"]
[Date "1997.??.??"]
[Round "6"]
[White "Kortschnoj, Viktor Lvovich"]
[Black "Bacrot, Etienne"]
[Result "1-0"]
[WhiteElo "2610"]
[BlackElo "2545"]
[Annotator "Hansen,Cu"]
[PlyCount "101"]
[EventDate "1997.09.10"]
[EventType "match"]
[EventRounds "6"]
[EventCountry "FRA"]
[SourceTitle "CBM 061"]
[Source "ChessBase"]
[SourceDate "1997.11.23"]
[SourceVersion "1"]
[SourceVersionDate "1997.11.23"]
[SourceQuality "1"]

1. c4 {Ribli} e5 2. g3 c6 3. d4 (3. d3 {Ribli,Z} d5 4. Nd2 Nf6 5. Bg2 Bd6 6.
Qb3 $6 O-O 7. cxd5 cxd5 8. Ngf3 Nc6 9. O-O a5 $13 {Meduna,E-Keilinghaus,L
Prague Chip 1992 CBM/27}) (3. Bg2 {Ribli,Z} d5 4. cxd5 cxd5 5. d4 exd4 6. Nf3
Bb4+ $1 7. Bd2 Bc5 8. O-O Nc6 9. Bf4 Nge7 10. Nbd2 Bb6 $10 {Larsen,B-Gulko,B
Hastings 1988/89 CBM/11 47/23}) 3... Bb4+ {Nach diesem Zug haben wir eine
ähnliche Stellung wie in der Bogoindischen Verteidigung. Ich kann es gut
verstehen, daß Bacrot nicht die Eröffnung der 4.Matchpartie wiederholen möchte.
Ribli.} (3... exd4 {Ribli,Z} 4. Qxd4 d5 5. Bg2 Nf6 6. Nf3 Be7 7. cxd5 cxd5 8.
O-O O-O 9. Nc3 Nc6 10. Qa4 Qb6 11. Qb5 $14 {Davies,N-Morgan,M New York op 1991
CBM/23}) 4. Bd2 Bxd2+ 5. Qxd2 d6 6. Nc3 (6. Bg2 {Ribli,Z} Qe7 7. Nc3 Nf6 8. e4
(8. e3 O-O 9. Nge2 $13) 8... d5 $5 9. cxd5 (9. dxe5 Nxe4 10. Nxe4 dxe4 11. Qd6
Nd7 $10) 9... exd4 $1 10. Qxd4 cxd5 11. Nxd5 Nxd5 12. Qxd5 O-O $44 {0-1 Davies,
N-Khenkin,I/Tel Aviv 1992 (36)}) (6. dxe5 {Ribli,Z} dxe5 7. Qxd8+ Kxd8 8. Nf3
f6 $10) 6... Nf6 (6... Nh6 {Ribli,Z} 7. O-O-O $1 Qe7 8. dxe5 dxe5 9. Ne4 $5 O-O
10. Qd6 Qe6 11. b3 Na6 12. Bh3 Qxd6 13. Nxd6 Bxh3 14. Nxh3 Rab8 15. f3 f6 16.
Nf2 Rfd8 17. Nfe4 Nf7 18. Nf5 $14 {Serper,G-Maljutin,E/Oberwart 1994/1/2-1/2 
(42)}) 7. Bg2 (7. dxe5 {Ribli,Z} dxe5 8. Qg5 $5 O-O 9. Qxe5 Qb6 $1 $44 {/\ Qf2!
}) 7... O-O 8. e4 (8. e3 $6 {Ribli,Z Es ist bemerkenswert, daß Dorfman -der
früher diesen Zug spielte- in diesem Wettkampf der Sekundant des französischen
Großmeisters war.Ribli.} Be6 (8... Nbd7 9. Nge2 Qe7 10. h3 Re8 11. g4 $1 Nb6
12. b3 $14 {Dorfmann,J-Razuvaev,Y Elenite 1992 CBM/32 55/14}) 9. b3 exd4 10.
Qxd4 d5 11. cxd5 cxd5 12. Nge2 Nc6 13. Qd2 Qb6 14. O-O Rad8 15. Rfd1 Ne4 $10)
8... Nbd7 (8... c5 $6 $146 {Ribli,Z} 9. d5 Na6 10. Nge2 Nc7 11. O-O Rb8 12. a4
b6 13. Nc1 a6 14. Nd3 b5 15. b3 $1 $14 {1-0 Damljanovic,B-Popovic,P/Cacak 1995
(48)}) (8... a6 {Ribli,Z} 9. Nf3 Bg4 10. O-O Bxf3 11. Bxf3 c5 12. d5 Nbd7 13.
a3 $14 {Horvath,Jo-Krizsany,L Pecs,1997.}) 9. Nge2 (9. Nf3 {Ribli,Z} a6 $1 10.
O-O b5 11. cxb5 axb5 12. b4 Bb7 13. Rfe1 Re8 14. a4 bxa4 15. dxe5 dxe5 16. Nxa4
Qe7 17. Qc3 Ba6 18. Nd2 Bb5 $11 19. Nb2 Nb6 20. Nb3 Na4 21. Nxa4 Rxa4 22. Rxa4
Bxa4 23. Nc5 Bb5 {1/2-1/2 Kallai,G-Leko,P/HUN-ch 1992 (35)}) 9... a6 (9... Rb8
{Ribli,Z} 10. O-O b5 11. cxb5 cxb5 12. dxe5 dxe5 13. Rfd1 b4 14. Nd5 Ba6 15.
Nc1 Nxd5 16. exd5 Nf6 17. Nd3 Bxd3 18. Qxd3 Re8 19. d6 e4 20. Qd4 $14 {0-1
Smejkal,J-Garcia Palermo,C/Szirak 1986 (33)}) 10. O-O b5 11. cxb5 axb5 12. a3
Nb6 (12... Qb6 {Ribli,Z} 13. Rfd1 Bb7 14. b4 Qa7 15. h3 Nb6 16. dxe5 Nc4 17.
Qa2 dxe5 18. a4 $14 Ne8 19. axb5 Qxa2 20. Rxa2 Rxa2 21. Nxa2 cxb5 22. Nec3 Ned6
23. Nc1 g6 24. Nd3 f6 25. Nc5 {1-0 Suba,M-Garcia Palermo,C/Szirak 1986 (56)})
13. b3 {Weiß hat nur einen kleinen Vorteil -dank seines Übergewichts im
Zentrum. Aber Schwarz hat keine Schwächen, und seine Figuren stehen elastisch.
Ribli.} Qe7 (13... Be6 $1 14. Qc2 Ra5 15. b4 $6 (15. f4 $5) 15... Ra6 16. a4
bxa4 17. dxe5 dxe5 18. Nxa4 Nxa4 19. Rxa4 Rxa4 20. Qxa4 Qd2 $15 {Titz,
H-Baumgartner,H/AUT-ch ,EXT (06) 1987/1/2-1/2 (65)}) 14. h3 Bb7 {Es ist wahr,
daß der Läufer nun auf der großen Diagonale steht - er erfüllt dort aber keine
Funktion.} (14... Be6 $5 $11) (14... Be6 $5 {Ribli,Z}) 15. Qe3 $1 Nbd7 16. Rfd1
Rfd8 {Ein schablonenhafter Zug.} (16... Ra5 $142 {Ribli,Z} 17. Z0 Rfa8 $140)
17. d5 {Mit diesem Durchbruch schwächt Weiß den schwarzen Damenflügel.Ribli.}
Ra6 (17... Rdb8 {Ribli,Z}) 18. dxc6 Bxc6 19. Nd5 Bxd5 20. exd5 Qe8 (20... Rda8
$5 $11 21. Nd4 Rxa3 22. Rxa3 Rxa3 23. Nxb5 Ra8 (23... Ra2 24. Rc1 $14) 24. Rc1
Ne8 {and white may be very slightly better}) 21. Nc3 Nc5 22. Bf1 {[%cal Rf1b5]
Suddenly white can make good use of his B Der weiße Läufer kommt auf der
Diagonale f1-a6 viel besser zur Geltung.Ribli.} Rb8 23. a4 Nxb3 24. Rab1 Nd4
25. Bxb5 Nxb5 26. axb5 Rab6 {Nach der Partiefortsetzung bekommt Schwarz eine
passive Stellung.Ribli.} (26... Ra3 {Ribli,Z} 27. Kh2 {Die schwarze Drohung
war 27...Qc8 mit Doppelangriff auf Ph3 und Nc3.Ribli.} Qc8 (27... Rc8 28. Rd3
Rcxc3 $2 29. Rxc3 Nxd5 30. Rc8 $16) 28. Rdc1 Qb7 29. Qd2 Rc8 {[%csl Ga3,Gc8]})
27. Ra1 Nd7 28. Ra7 Qd8 (28... Nc5 {[%csl Rb6,Rb8,Gc5] Ribli,Z}) 29. Qf3 {
[%cal Ya7f7,Yf3f7]} (29. Rda1 $5 Nc5 {[%csl Gc5,Rc3][%cal Yb6b7] Seems to be
what Kortschnoj wanted to avoid with black N being much stronger that whites})
29... R6b7 30. Rxb7 Rxb7 31. Ne4 Qc7 (31... Rxb5 $2 {Ribli,Z} 32. Nxd6 {
[%cal Rd6f7,Rd6b5]}) 32. Qc3 $6 (32. Qa3 Rxb5 33. Nxd6 (33. Qxd6 $5) 33... Ra5
34. Qb4 $14) 32... Qxc3 (32... Nc5 $2 {Ribli,Z} 33. Nxc5 Qxc5 34. Qxc5 dxc5 35.
d6 Rd7 36. b6 Kf8 37. b7 Rxb7 38. d7 $18) 33. Nxc3 Kf8 (33... Ra7 {Ribli,Z} 34.
Ne4 {[%csl Rd6]}) 34. Ra1 Ke7 $2 {A critical moment in the game. I believe
black should try to put his rook behind the passed P and - if possible let the
b-P be blockaded by the N on b6:} (34... Rc7 $1 35. Ra8+ (35. Ne4 Ke7 {[%cal
Yf7f5,Ye5e4]} 36. g4 Rc4 $15) (35. Na4 $2 Ra7) (35. Ra3 Rc5 $17 {[%cal Yd7b6]})
35... Ke7 36. Na4 Rc1+ 37. Kg2 Rb1 $15) 35. Ra6 {Weiß behält auch bei
reduziertem Material die Initiative.} h5 (35... Rc7 36. Rc6 $1 {The big
difference to 34. - Rc7!}) (35... f5 $5 {Ribli,Z}) 36. Kf1 f5 37. h4 g6 38. Ke2
Nc5 39. Rc6 Nb3 (39... Ne4 $2 {Ribli,Z} 40. Nxe4 fxe4 41. b6 $18 {[%csl Gb6,
Rb7,Gc6,Re4,Ge7]}) 40. Kd3 Kd7 41. Kc4 {Weiß aktiviert seine letzte Figur.} Nd4
(41... Na5+ $2 {Ribli,Z} 42. Kb4 Nxc6+ 43. dxc6+ $18) 42. f4 $1 {Now the sixth
rank will be opened and blacks position collapses} Rb8 (42... Nf3 {Ribli,Z} 43.
Na4 exf4 44. gxf4 Nd2+ (44... Nxh4 45. Nb6+ Ke8 46. Nc8 Rb8 47. Nxd6+ Ke7 (
47... Kd7 48. Nf7 {[%cal Rf7e5,Re5d7]}) 48. Kc5 Ng2 49. Rc7+ Kf8 (49... Kd8 50.
Kc6 $18) 50. b6 $16) 45. Kb4 Ne4 46. Ka5 Ra7+ 47. Ra6 {[%csl Ga4,Ga5,Ga6]}) 43.
fxe5 dxe5 (43... Nxc6 {Ribli,Z} 44. dxc6+ Ke6 45. c7 Rc8 46. b6 dxe5 47. Nb5
Kd7 48. Kd5 {Und der Gewinnzug 49.b7 ist nicht zu parieren.Ribli.}) 44. Kc5 $1
(44. Rxg6 {Dieser Zug ist auch gut, Weiß bekommt einen Mehrbauern. Aber die
Partiefortsetzung ist noch stärker.Ribli} Rc8+ 45. Kb4 Nc2+ 46. Kb3 Nd4+ {
and whites king has to go back. The game-continuation is much better}) 44...
Nb3+ 45. Kb4 Nc1 46. b6 e4 47. Nb5 Nd3+ 48. Kc3 f4 (48... Ne5 {Ribli,Z} 49. Re6
Rc8+ 50. Nc7 $16) 49. Rxg6 f3 50. Rg7+ Kd8 51. Rg8+ (51. Rg8+ {Ribli,Z} Ke7 52.
Rxb8 f2 53. Rb7+ (53. d6+ Kf7 54. d7 f1=Q 55. d8=Q Qa1+ 56. Kc4 Qa4+ $13) 53...
Kf8 54. Nd6 f1=Q 55. Rf7+ Qxf7 56. Nxf7 Nc5 (56... Kxf7 57. b7 $18) 57. Ng5 (
57. Ne5 Na4+ 58. Kd4 Nxb6 59. Ng6+ Kg7 60. Nf4 Kh6 61. Kxe4 Nc4 62. Kd4 Nd6 63.
Ke5 $18) 57... Na4+ 58. Kd4 Nxb6 59. Ne6+ Kf7 60. Nf4 e3 61. Kxe3 $18) 1-0

[Event "Elenite"]
[Site "Elenite"]
[Date "1992.??.??"]
[Round "4"]
[White "Dorfman, Josif D"]
[Black "Razuvaev, Yuri S"]
[Result "1-0"]
[WhiteElo "2610"]
[BlackElo "2565"]
[Annotator "Hansen,Cu"]
[PlyCount "93"]
[EventDate "1992.??.??"]
[EventType "tourn"]
[EventRounds "11"]
[EventCountry "BUL"]
[EventCategory "12"]
[SourceTitle "CBM 032"]
[Source "ChessBase"]
[SourceDate "1993.02.01"]
[SourceVersion "1"]
[SourceVersionDate "1993.02.01"]
[SourceQuality "1"]

1. c4 {Ribli} e5 2. g3 Nf6 3. Bg2 c6 4. d4 Bb4+ $5 (4... exd4 5. Qxd4 d5) (4...
e4 5. Nc3 d5 6. cxd5 cxd5 7. Bg5 Be7 8. e3 Nbd7 9. Nge2 O-O 10. O-O b6 $10 {
Wegner,H-Schmitzer,K BL 89-90}) 5. Bd2 (5. Nc3 Qa5 6. dxe5 Bxc3+ 7. bxc3 Qxc3+
8. Bd2 Qxe5 9. Nf3 Qe7 10. O-O O-O 11. Nd4 $13 {Gomez,M-Stromer,A Bordeaux 1990
}) 5... Bxd2+ 6. Qxd2 d6 (6... e4 7. Nc3 d5 8. cxd5 cxd5 9. f3 exf3 10. exf3
O-O 11. Nge2 Nc6 12. O-O h6 $10 {Panno,O-Nikolic,P Buenos Aires 1992}) 7. Nc3 (
7. dxe5 $6 dxe5 8. Qg5 $2 Qa5+ 9. Nd2 O-O 10. Ngf3 Nbd7 11. O-O h6 12. Nb3 Qb4
13. Qc1 a5 $15 {Zuse,P-Franke,H BL 90-91}) 7... O-O (7... Qe7 {Ribli} 8. e4 $6
(8. e3 $5) 8... d5 $1 9. cxd5 exd4 10. Qxd4 cxd5 11. Nxd5 Nxd5 12. Qxd5 O-O 13.
Ne2 Rd8 14. Qb3 Be6 15. Qe3 Qb4+ 16. Qc3 Nc6 17. O-O Rd2 $44 {Davies,N-Khenkin,
I Tel Aviv 1992 CBM/30}) 8. e3 {><d4} (8. e4 exd4 $5 9. Qxd4 c5 10. Qd2 Nc6 11.
Nge2 Be6 $132) 8... Nbd7 (8... Re8 $5 9. Nge2 e4 {/\d6-d5}) (8... Qe7 $5 {Ribli
} 9. Nge2 Re8 10. O-O e4 11. h3 h5 $13 {Hvide,H-Sorlie,O NOR-chT 1990 EXP/17})
9. Nge2 Qe7 $6 (9... exd4 10. Nxd4 Nb6 11. b3 d5 $10) 10. h3 $1 {><g4} Re8 (
10... e4 $6 11. g4 $16 {/\12.Ng3}) 11. g4 $14 {(), /\Ng3+g4-g5} Nb6 (11... exd4
12. Nxd4 Ne5 13. b3 d5 $5 14. cxd5 cxd5 15. O-O $5 $14 (15. Nxd5 Nxd5 16. Bxd5
Bd7 {/\17. - Rad8 עe1})) 12. b3 a5 13. O-O a4 14. Rae1 {/\Ng3+g4-g5/f2-f4 ->}
axb3 15. axb3 d5 16. c5 {><d6} Nbd7 17. Ng3 {/\Nf5-d6} Nf8 (17... Rd8 $5 $16 {
/\18.g5 Se8/18.f4 e4/18.Nf5 Df8} 18. Nf5 Qf8) 18. g5 $16 N6d7 19. f4 e4 20. Nf5
Qd8 21. Nd6 Re6 22. Ra1 {ץc8} Rb8 23. h4 {/\Bh3} Rxd6 $8 24. cxd6 Nb6 {
/\25. - Bf5 +/=} 25. f5 {ץc8,פb6,פf8} Qxd6 26. Qf2 Bd7 27. Ne2 Nc8 28. Ng3
Qc7 29. Bh3 Nd6 30. Qf4 {/\Nh5+Qe5} Nb5 31. Qxc7 Nxc7 32. Rf2 Bc8 33. Kh2 {
/\f5-f6} Nd7 34. f6 g6 35. Ne2 Nb6 36. Nf4 {/\h4-h5} Bxh3 37. Kxh3 Nd7 38. h5 (
38. Kg4 $6 h5+ $1 $14) 38... gxh5 39. Kh4 Na6 40. Nxh5 Nf8 41. Ng7 {/\Nf5-h6+}
h6 42. Kh5 hxg5 43. Kxg5 Nc7 44. Kh6 (44. Rh2 Nce6+ 45. Nxe6 Nxe6+ 46. Kf5 Nf8
47. Rah1 Ng6 48. Rh7 $18) 44... Ng6 45. Rg2 Kf8 46. Rxg6 fxg6 47. Kxg6 1-0